000 01039nam0a22002771 4500
001 v19\rc\1394336
005 20260406084032.0
035 _a(NLR Aleph) 004563822
090 _a2309341
_c2309341
100 _a20060512d1869 |||y0rusy50 ca
101 0 _arus
102 _aRU
105 _ay z |||||
200 1 _aГраф Ори
_eОпера в 2 актах
_fСоч. Скриба и Делетра-Пуарсона
_gМуз. Россини
210 _aМосква
_cТ. Рис
_d1869
215 _a52 с.
_d13
700 1 _8rus
_7ca
_aСкриб
_bЭ.
_f1791-1861
_gЭжен
_3RU\NLR\AUTH\7751746
_934679
701 1 _8rus
_7ca
_aДелетр-Пуарсон
_bШ. Г.
_f1790-1859
_gШарль Гаспар
_3RU\NLR\AUTH\77126285
_9109209
702 1 _4230
_8rus
_7ca
_aРоссини
_bД. А.
_f1792-1868
_gДжоаккино Антонио
_3RU\NLR\AUTH\7785082
_968010
801 0 _aRU
_bNLR
_gpsbo
801 0 _aRU
_bRuMoRGB
_2psbo
801 1 _aRU
_bProSoft-M
_2rusmarc
852 _aNLR
_j18.168.2.120
942 _cBOOK
980 _aNB